The Doré bible illustrations
I tiakina i:
| Kaituhi matua: | |
|---|---|
| Hōputu: | Pukapuka |
| Reo: | Ingarihi |
| I whakaputaina: |
Nueva York
Dover
1974
|
| Rangatū: | Collections of Graphic Art in Dover Books
|
| Ngā marau: | |
| Ngā Tūtohu: |
Tāpirihia he Tūtohu
Kāore He Tūtohu, Me noho koe te mea tuatahi ki te tūtohu i tēnei pūkete!
|
MARC
| LEADER | 00000nam a2200000 a 4500 | ||
|---|---|---|---|
| 001 | UCT3952 | ||
| 003 | CL-VaPUC | ||
| 008 | 961031e19740000US |||||||||||||||||eng|d | ||
| 082 | 0 | 4 | |a 769.92 |b DOR |2 21 |
| 100 | 0 | |a Doré, Gustave |e author |9 373040 | |
| 245 | 1 | 4 | |a The Doré bible illustrations |
| 300 | |a 241 p | ||
| 942 | |c BK | ||
| 945 | |d 19961031 00:00:00 |a rleighto | ||
| 260 | |a Nueva York |b Dover |c 1974 | ||
| 650 | 0 | |a Dibujos |9 264123 | |
| 650 | 0 | |a Artistas |9 262026 | |
| 650 | 0 | |a Obras de arte |9 337253 | |
| 650 | 7 | |a DIBUJOS FRANCESES |2 CL-VaPUC |9 373041 | |
| 583 | |a last modification |c 19961031 00:00:00 |k Rodrigo Vera | ||
| 490 | 0 | |a Collections of Graphic Art in Dover Books | |
| 999 | |c 253446 |d 253444 | ||
| 952 | |0 0 |1 0 |4 0 |6 769_920000000000000_DOR_1974 |7 0 |8 A |9 274306 |a BIBARQ |b BIBARQ |d 2019-11-19 |i 3244725 |o 769.92 DOR 1974 |p 3244725 |r 2025-01-20 |w 2019-11-19 |y BK |k ARQ | ||